|
|
|
|
| LEADER |
00000caa a2200000 c 4500 |
| 001 |
1492649058 |
| 003 |
DE-627 |
| 005 |
20240708173100.0 |
| 007 |
tu |
| 008 |
141209s2014 xx ||||| 00| ||ger c |
| 020 |
|
|
|a 9783848718740
|
| 035 |
|
|
|a (DE-627)1492649058
|
| 035 |
|
|
|a (DE-576)422649058
|
| 035 |
|
|
|a (DE-599)BSZ422649058
|
| 040 |
|
|
|a DE-627
|b ger
|c DE-627
|e rakwb
|
| 041 |
|
|
|a ger
|
| 100 |
1 |
|
|a Fernau, Sandra
|d 1984-
|0 (DE-588)1060857626
|0 (DE-627)802912842
|0 (DE-576)41699007X
|4 aut
|
| 109 |
|
|
|a Fernau, Sandra 1984-
|
| 245 |
1 |
0 |
|a KFN-Studie zu sexuellem Missbrauch durch katholische Geistliche
|b eine quantitative und qualitative Befragung von Betroffenen
|c Sandra Fernau; Deborah F. Hellmann
|
| 264 |
|
1 |
|c 2014
|
| 336 |
|
|
|a Text
|b txt
|2 rdacontent
|
| 337 |
|
|
|a ohne Hilfsmittel zu benutzen
|b n
|2 rdamedia
|
| 338 |
|
|
|a Band
|b nc
|2 rdacarrier
|
| 700 |
1 |
|
|a Hellmann, Deborah F.
|0 (DE-588)1053383118
|0 (DE-627)789987791
|0 (DE-576)409229598
|4 aut
|
| 773 |
0 |
8 |
|i In
|t Sexueller Missbrauch Minderjähriger durch katholische Geistliche in Deutschland
|b 1. Aufl.
|d Baden-Baden : Nomos, 2014
|g (2014), Seite 59-93
|h 289 S.
|w (DE-627)800054644
|w (DE-576)416947735
|z 384871874X
|z 9783848718740
|7 nnam
|
| 773 |
1 |
8 |
|g year:2014
|g pages:59-93
|
| 889 |
|
|
|w (DE-627)825816416
|
| 935 |
|
|
|i mdedup
|
| 951 |
|
|
|a AR
|
| ELC |
|
|
|b 1
|
| LOK |
|
|
|0 000 xxxxxcx a22 zn 4500
|
| LOK |
|
|
|0 001 2826693646
|
| LOK |
|
|
|0 003 DE-627
|
| LOK |
|
|
|0 004 1492649058
|
| LOK |
|
|
|0 005 20260115155937
|
| LOK |
|
|
|0 008 141215||||||||||||||||ger|||||||
|
| LOK |
|
|
|0 040
|a DE-21-110
|c DE-627
|d DE-21-110
|
| LOK |
|
|
|0 689
|a s
|a Sexueller Missbrauch
|
| LOK |
|
|
|0 689
|a s
|a Institutionen
|
| LOK |
|
|
|0 689
|a k
|a Katholische Kirche
|
| LOK |
|
|
|0 689
|a s
|a Opferbefragung
|
| LOK |
|
|
|0 852
|a DE-21-110
|
| LOK |
|
|
|0 852 1
|m p
|9 00
|
| LOK |
|
|
|0 938
|k p
|
| LOK |
|
|
|0 939
|a 15-12-14
|b l01
|
| ORI |
|
|
|a SA-MARC-krimdoka001.raw
|